000 00682nam a2200229Ia 4500
001 833
003 GE_BSU
008 181216s||||||||xx |||||||||||||| ||und||
020 _a9785845916105
040 _cGE_BSU
080 _a681.3.07(075.8)
100 _aАльфред,Ахо В.;Холкрофт,Джон Э.;Ульман,Джеффри Д.
245 _aСтруктуры данных и алгоритмы
245 _bУчебное пособие
260 _aМосква
260 _bИзд.дом "Вильямс
260 _c2010
300 _a400стр.
541 _h70л.
653 _aСтруктуры данных и алгоритмы
942 _cBK
999 _c34996
_d34996